Knowledge ecology in global business: managing intellectual capital (Record no. 48668)

MARC details
000 -LEADER
fixed length control field 00689nam a2200169 a 4500
008 - FIXED-LENGTH DATA ELEMENTS--GENERAL INFORMATION
fixed length control field 150617s2009 ||||||||||||||||| || u
020 ## - INTERNATIONAL STANDARD BOOK NUMBER
International Standard Book Number 9781605662701
050 ## - LIBRARY OF CONGRESS CALL NUMBER
Classification number HD 53 Kno
100 ## - MAIN ENTRY--PERSONAL NAME
Personal name Lytras, Miltiadis D
245 10 - TITLE STATEMENT
Title Knowledge ecology in global business: managing intellectual capital
Statement of responsibility, etc. by Miltiadis D. Lytras and Patricia Ordonez De Pablos
260 ## - PUBLICATION, DISTRIBUTION, ETC.
Place of publication, distribution, etc. Hershey
Name of publisher, distributor, etc. Information Science Reference
Date of publication, distribution, etc. 2009
300 ## - PHYSICAL DESCRIPTION
Extent xx, 376p.
350 ## - PRICE (NR) (BK AM CF MU VM SE) [OBSOLETE]
Price 195.00
650 ## - SUBJECT ADDED ENTRY--TOPICAL TERM
Topical term or geographic name entry element INTELLECTUAL CAPITAL
650 #0 - SUBJECT ADDED ENTRY--TOPICAL TERM
Topical term or geographic name entry element KNOWLEDGE MANAGEMENT
995 ## - RECOMMENDATION 995 [LOCAL, UNIMARC FRANCE]
-- CBU-MAIN LIBRARY (Kitwe)
-- 195.00
-- 1
-- AVAILABLE
-- Sep 3, 2015
-- Main Library Open Access Collection
Holdings
Withdrawn status Lost status Source of classification or shelving scheme Damaged status Not for loan Home library Current library Shelving location Date acquired Total Checkouts Full call number Barcode Date last seen Price effective from Koha item type
          CBU-MAIN LIBRARY, KITWE. CBU-MAIN LIBRARY, KITWE.   11/30/2022   HD 53 Kno 745321 11/30/2022 11/30/2022 MONOGRAPH